书目信息 |
| 题名: |
机床夹具设计
|
|
| 作者: | 陈旭 | |
| 分册: | ||
| 出版信息: | 北京 清华大学出版社 2014 |
|
| 页数: | 389页 | |
| 开本: | 16cm | |
| 丛书名: | ||
| 单 册: | ||
| 中图分类: | TG750.2 | |
| 科图分类: | ||
| 主题词: | 夹具 | |
| 电子资源: | ||
| ISBN: | 978-7-302-37384-1 | |
| 000 | 00574nam0 2200205 450 | |
| 001 | 863 | |
| 005 | 20160912084507.37 | |
| 010 | @a978-7-302-37384-1@b平装@dCNY45.00 | |
| 100 | @a20160724d2014 km y0chiy0120 ea | |
| 101 | 0 | @achi |
| 102 | @aCN@b110000 | |
| 200 | 1 | @a机床夹具设计@Aji chuang jia ju she ji@f陈旭@Fchen xu |
| 210 | @a北京@c清华大学出版社@d2014 | |
| 215 | @a389页@d16cm | |
| 330 | @a机床夹具·设计·高等职业教育·教材 | |
| 606 | 0 | @a夹具 |
| 690 | @aTG750.2@v4 | |
| 701 | 0 | @a陈旭@Achen xu |
| 801 | 0 | @aCN@b唐山师范学院图书馆@c20160724 |
| 905 | @aZUCC@dTG750.2@e24 | |
| 机床夹具设计/陈旭.-北京:清华大学出版社,2014 |
| 389页;16cm |
| ISBN 978-7-302-37384-1(平装):CNY45.00 |
| 机床夹具·设计·高等职业教育·教材 |
| ● |
| 相关链接 |
|
|
|
|
正题名:机床夹具设计
索取号:TG750.2/24
 
预约/预借
| 序号 | 登录号 | 条形码 | 馆藏地/架位号 | 状态 | 备注 |
| 1 | 903819 | 209038192 | 第二样本阅览室/ [索取号:TG750.2/24] | 在馆 | |
| 2 | 903820 | 209038209 | 第三借阅区/ [索取号:TG750.2/24] | 在馆 | |
| 3 | 903821 | 209038218 | 第三借阅区/ [索取号:TG750.2/24] | 在馆 | |
| 4 | 903822 | 209038227 | 第三借阅区/ [索取号:TG750.2/24] | 在馆 | |
| 5 | 903823 | 209038236 | 第三借阅区/ [索取号:TG750.2/24] | 在馆 |